Techniky finančného plánovania obce a vybrané ukazovatele jeho hodnotenia

Techniky finančného plánovania ako nástroje finančného manažmentu obce. Plánovanie investícií. Zadlženosť obce - jeho plánovanie, meranie a faktory ovplyvňujúce stanovenie optimálnej výšky dlhu. Vonkajšie a vnútorné faktory. Nákladovo-výnosová analýza. Ukazovatele finančnej kapacity obce - ich analý...

Descrizione completa

Salvato in:
Dettagli Bibliografici
Autore principale: Kozovský, Dušan
Natura: Capitolo di libro
Lingua:slovacco
Soggetti:
Tags: Aggiungi Tag
Nessun Tag, puoi essere il primo ad aggiungerne!!

MARC

LEADER 00000naa$a2200000$$$4500
001 0105610
005 20240502072154.6
041 0 |a slo 
044 |a SK 
245 1 0 |a Techniky finančného plánovania obce a vybrané ukazovatele jeho hodnotenia  |c Dušan Kozovský 
520 |a Techniky finančného plánovania ako nástroje finančného manažmentu obce. Plánovanie investícií. Zadlženosť obce - jeho plánovanie, meranie a faktory ovplyvňujúce stanovenie optimálnej výšky dlhu. Vonkajšie a vnútorné faktory. Nákladovo-výnosová analýza. Ukazovatele finančnej kapacity obce - ich analýza, hodnotenie, projektovanie a odhady ich vývoja sú predpokladom tvorby kvalitných finančných politík a stratégií. 
610 2 0 |a obce 
610 2 0 |a manažment finančný 
610 2 0 |a plánovanie finančné 
610 2 0 |a ukazovatele 
610 2 0 |a zadlženosť 
100 1 |a Kozovský, Dušan